| 000 | 00489nam a22001697a 4500 | ||
|---|---|---|---|
| 005 | 20241216140039.0 | ||
| 008 | 241216b ||||| |||| 00| 0 eng d | ||
| 040 | _cAL | ||
| 041 | _aEnglish | ||
| 082 |
_223 _a348.04 _bCHAA |
||
| 100 |
_aJagjith Singh Chawla _9191102 |
||
| 245 | _aAll India Criminal Law Reporter: Vol 44 1999(4) | ||
| 260 |
_aChandigarh _bAll India Criminal Law Reporter _c1999 |
||
| 300 |
_a863 p. _bHB _c24x16 cm |
||
| 650 |
_aCriminal law _9191103 |
||
| 942 |
_2ddc _cBI |
||
| 999 |
_c232946 _d232946 |
||